000 00306nam a2200145Ia 4500
100 _aLinnert/ G.E.
490 _v1
942 _cRB
654 _aWelding
245 _aWelding metallurgy
260 _bAmerican Welding Society
_aNew York
_c1965
082 _a672.52
300 _a474
546 _aENGLISH
999 _c33044
_d33044